000 00199 a2200097 4500
001 34946
100 _aI L T
245 _aQisas-wa-diat
260 _aLahore
_bSange-e-Meel
_c
090 _c23108
_d23108
942 _aNUST-CAE
_cM
_c14568
999 _c270019
_d270019